000 00374nam a22001457a 4500
005 20250211091808.0
008 250211b |||||||| |||| 00| 0 eng d
020 _a9788178846538
050 _aHG3751
_bNAG
100 _aNagpal, Prem
245 _aOrigins of commercial banking
260 _aNew Delhi
_bCyber Tech Publications
_cc2010
300 _a272p
942 _2lcc
_cBK
_n0
999 _c3801
_d3801